000 00551nmm a2200181Ia 4500
008 251105s9999||||xx |||||||||||||||||und||
020 _a9788418870231
041 _aspa
100 _aBryndza, Robert
245 0 _aSangre helada (Serie Erika Foster 5)
264 _a[Madrid, España] :
_bRoca Editorial,
_c[Fecha de publicación no identificada]
300 _a0 páginas
650 _aThriller & Suspense
700 _aBryndza, Robert
700 1 _a Del Rey, Santiago
856 _uhttps://public.digitaliapublishing.com/a/124067
942 _cCF
999 _c63173
_d63173